| 000 | 00460nam a2200169Ia 4500 | ||
|---|---|---|---|
| 008 | 230711s9999||||xx |||||||||||||| ||und|| | ||
| 020 | _a81-219-0131-6 | ||
| 041 | _aENG | ||
| 082 |
_a624 _bSH-H |
||
| 100 | _aSharma,S.K | ||
| 245 | 0 | _aPrinciples,practice and design of highway engineering including airport pavements | |
| 250 | _a2nd Ed. | ||
| 260 |
_c2012 _aNew Delbhi _bS.Chand & Company Ltd |
||
| 300 | _a905 | ||
| 650 | _aCivil Engineering | ||
| 942 | _cBK | ||
| 999 |
_c5628 _d5628 |
||